| 000 | 02041nam a2200277Ia 4500 | ||
|---|---|---|---|
| 003 | Ost | ||
| 005 | 20260507075244.0 | ||
| 008 | 260507s9999||||xx |||||||||||||| ||und|| | ||
| 040 | _cfsecg | ||
| 041 | _aara | ||
| 082 | _a330 | ||
| 100 |
_aابو نصار، محمد _eمؤلف |
||
| 245 | 0 |
_aمحاسبة الضرائب : _bبين النظرية و التطبيق ( ضريبة الدخل و ضريبة المبيعات في الاردن ) / _c محمد ابو نصار |
|
| 250 | _aطبعة 3 | ||
| 260 |
_aعمان: _bمطابع الدستور التجارية, _c2005 |
||
| 300 |
_a498 صفحة؛ _bإيضاحات ؛ _c24 سم |
||
| 504 | _aمراجع ص.509 | ||
| 520 | _aالتعريف بالضريبة و خصائصها ، مدخل لقانون ضريبة الدخل في الاردن ، مصادر الدخل الخاضعة للضريبة و المعفاة منها، نفقات العمل المقبولة و غير المقبولة ضريبيا ، الاحكام العامة ،النواحي الاجرائية لقانون ضريبة الدخل ، ضريبة الدخل على الرواتب و الاجور ، مدخل لاجراءات التقدير على مختلف المكلفين -المكلفون الذين لا يمسكون حسابات أصولية - ، قطاع شركات الاشخاص ، قطاع الشركات التجارية و الصناعية ، قطاع شركات المقاولات ، قطاع الصرافة و الوساطة ، قطاع شركات التأمين ، القطاع المصرفي و المالي و الشركات التي تقبل الودائع ، المعالجة المحاسبية و القانونية لضريبة المبيعات . | ||
| 653 | _aالضرائب | ||
| 653 | _aالمحاسبة الضريبية- الأردن | ||
| 653 | _aضريبة الدخل- الأردن | ||
| 653 | _aمحاسبة | ||
| 700 |
_aالشهوان، فراس عطا الله _eمؤلف ثانوي |
||
| 700 |
_aالمشاعلة، محفوظ _eمؤلف ثانوي |
||
| 942 | _cكتاب | ||
| 999 |
_c43644 _d43644 |
||